Statistics for Guess the Language #2

Click here to take the quiz!

General Stats

  • This quiz has been taken 25 times
    (16 since last reset)
  • The average score is 8 of 14

Answer Stats

GreetingLanguage% Correct
HelloEnglish
100%
Kon'nichiwaJapanese
92%
MarhabaanArabic
83%
MerhabarTurkish
75%
YeoboseyoKorean
58%
SalamPersian
58%
KamustaTagalog
58%
TereEstonian
50%
SalveLatin
50%
SveikiLatvian
42%
Malo e leileiTongan
33%
SawubonaZulu
33%
Salemetsiz BeKazakh
25%
HaluInuktitut
8%

Score Distribution

Percentile by Number Answered

Percent of People with Each Score

Your Score History

You have not taken this quiz since the last reset